| 000 | 00593cam a2200205 4500 | ||
|---|---|---|---|
| 001 | D9505 | ||
| 008 | 090401t1933 xxu||||| |||| 00| 0 eng d | ||
| 035 | _a(Sirsi) u20259 | ||
| 041 | _aeng | ||
| 050 | _a526.30212 | ||
| 110 |
_aUnited States _bDepartment of Commerce |
||
| 245 | _aCoast and Geodetic Survey. Special Publication No.8. Formulas and tables for the computation of geodetic positions. | ||
| 250 | _a7th | ||
| 260 |
_aWashington _bU S Dept of Commerce _c1933 |
||
| 300 | _a101p. 29cm | ||
| 350 | _a0 | ||
| 490 |
_aSpecial Publication _v8 |
||
| 942 | _n0 | ||
| 948 | _c04/03/1997 | ||
| 999 |
_c87783 _d87783 |
||